Creatividad, género y rendimiento académico en ingresantes de ingeniería (Record no. 201620)

MARC details
000 -CABECERA
campo de control de longitud fija 02129cab a2200301 ab4500
005 - FECHA Y HORA DE LA ÚLTIMA TRANSACCIÓN
campo de control 20241206113617.0
008 - ELEMENTOS DE LONGITUD FIJA--INFORMACIÓN GENERAL
campo de control de longitud fija 991125c2018 mx tr p o 000 0 spa d
035 ## - NÚMERO DE CONTROL DEL SISTEMA
Número de control de sistema UPN01000229525
040 ## - FUENTE DE LA CATALOGACIÓN
Centro catalogador/agencia de origen MX-MxUPN
Lengua de catalogación spa
Centro/agencia transcriptor MX-MxUPN
Normas de descripción aacr2
049 ## - COLECCIÓN
Colección ART-E
100 1# - ASIENTO PRINCIPAL--NOMBRE PERSONAL
Nombre de persona Chiecher Costa, Analía Claudia
Enlace - achiecher@hotmail.com
100 1# - ASIENTO PRINCIPAL--NOMBRE PERSONAL
Nombre de persona Elisondo, Romina Cecilia
100 1# - ASIENTO PRINCIPAL--NOMBRE PERSONAL
Nombre de persona Paoloni, Paola Verónica Rita
100 1# - ASIENTO PRINCIPAL--NOMBRE PERSONAL
Nombre de persona Donolo, Danilo Silvio
245 10 - MENCIÓN DE TÍTULO
Título Creatividad, género y rendimiento académico en ingresantes de ingeniería
506 0# - NOTA DE RESTRICCIONES AL ACCESO
Limitaciones de acceso Acceso abierto
520 3# - NOTA DE RESUMEN, ETC.
Sumario, etc. La presente investigación atiende a las relaciones entre las capacidades y acciones creativas desplegadas por ingresantes en carreras ingeniería, el género y el rendimiento académico logrado en el tránsito del primer año de estudios. Los datos fueron recogidos a partir de la administración de un test que mide capacidades creativas y un cuestionario que evalúa acciones creativas en distintas áreas. Un total de 134 ingresantes en carreras de Ingeniería de una universidad pública argentina dieron respuesta a los ins- trumentos referidos. Los resultados muestran diferencias conforme al género, a favor de las mujeres, así como puntuaciones más elevadas para el grupo de alto rendimiento en el despliegue de acciones creativas relacionadas con el área de ciencia y tecnología. Las conclusiones avalan, por un lado, la complejidad de las vinculaciones entre creatividad, género y rendimiento. Por otro lado, señalan la importancia de crear contextos educativos que, desde el ingreso mismo, propicien el despliegue de acciones creativas. RIES
650 #2 - ASIENTO SECUNDARIO DE MATERIA - TERMINO TEMATICO
Término de materia o nombre geográfico como elemento de entrada Creatividad
9 (RLIN) 5008
650 #4 - ASIENTO SECUNDARIO DE MATERIA - TERMINO TEMATICO
Término de materia o nombre geográfico como elemento de entrada Rendimiento académico
9 (RLIN) 3961
653 0# - TERMINO DE INDIZACION - NO CONTROLADO
Término no controlado Capacidad creativa
653 0# - TERMINO DE INDIZACION - NO CONTROLADO
Término no controlado Capital cultural
773 ## - ENLACE AL DOCUMENTO FUENTE/ENTRADA DE REGISTRO ANFITRIÓN
Parte(s) relacionada(s) Vol. 9, no. 24 (2018), p. 138-151
Título Revista iberoamericana de educación superior
Número Internacional Normalizado para Publicaciones Seriadas 2007-2872
856 4# - LOCALIZACIÓN Y ACCESO ELECTRÓNICOS
Identificador Uniforme del Recurso <a href="https://www.ries.universia.unam.mx/index.php/ries/article/view/269">https://www.ries.universia.unam.mx/index.php/ries/article/view/269</a>
856 4# - LOCALIZACIÓN Y ACCESO ELECTRÓNICOS
Identificador Uniforme del Recurso <a href="https://doi.org/10.22201/iisue.20072872e.2018.24.269">https://doi.org/10.22201/iisue.20072872e.2018.24.269</a>
902 ## - ELEMENTOS DE DATOS B LOCAL, LDB (RLIN)
Creó Leonor Sotres/061224
905 ## - TIPO DE MATERIAL
Tipo de material Articulo
942 ## - ELEMENTOS DE PUNTO DE ACCESO ADICIONAL (KOHA)
Tipo de ítem Koha Artículo Electrónico
Holdings
Estado de retiro Estado de pérdida Estado dañado No para préstamo Código de colección Localización permanente Ubicación/localización actual Ubicación en estantería Fecha de adquisición Total de préstamos Fecha visto por última vez Identificador Uniforme del Recurso Precio válido a partir de Tipo de ítem Koha
        Acceso abierto Bib. Gregorio Torres Quintero Bib. Gregorio Torres Quintero En línea 06/12/2024   06/12/2024 https://www.ries.universia.unam.mx/index.php/ries/article/view/269 06/12/2024 Artículo Electrónico